Poisťovníctvo a globálna informačná spoločnosť
Elektronické obchodovanie z hľadiska poisťovacích spoločností. Zefektívnenie procesov poisťovacej spoločnosti ako aj v outsourcovaných činnostiach. Integrácia webstránky a intreraktívny kontakt s klientom. Prepojenie poisťovacej spoločnosti s pobočkami. Výzvy a trendy finančných služieb.
Uložené v:
| Hlavný autor: | |
|---|---|
| Médium: | Kapitola |
| Jazyk: | Slovak |
| Predmet: | |
| Tagy: |
Žiadne tagy, Buďte prvý, kto otaguje tento záznam!
|
MARC
| LEADER | 00000naa$a2200000$$$4500 | ||
|---|---|---|---|
| 001 | 0108139 | ||
| 005 | 20240611095438.9 | ||
| 041 | 0 | |a slo | |
| 044 | |a SK | ||
| 245 | 1 | 0 | |a Poisťovníctvo a globálna informačná spoločnosť |c Zuzana Littvová |
| 520 | |a Elektronické obchodovanie z hľadiska poisťovacích spoločností. Zefektívnenie procesov poisťovacej spoločnosti ako aj v outsourcovaných činnostiach. Integrácia webstránky a intreraktívny kontakt s klientom. Prepojenie poisťovacej spoločnosti s pobočkami. Výzvy a trendy finančných služieb. | ||
| 610 | 2 | 0 | |a poisťovníctvo |
| 610 | 2 | 0 | |a distribúcia informácií |
| 610 | 2 | 0 | |a služby digitálne |
| 610 | 2 | 0 | |a zmluvy poistné |
| 610 | 2 | 0 | |a internet |
| 610 | 2 | 0 | |a komunikácia elektronická |
| 100 | 1 | |a Littvová, Zuzana | |